000 00653nam a2200253 a 4500
999 _c4846
_d4846
001 4846
003 BD-JhCC
005 20171227172501.0
008 171204s2004 u a|||| ||| 001 0 eng d
020 _a1559638419
020 _a9781559638418
035 _a(BD-JhCC)4846
040 _aBD-JhCC
_dBD-JhCC
041 _aeng
082 _a333.95616
_bSOB 2004
_222
100 _aSobel, Jack A.
245 _aMarine Reserves /
_cJack A. Sobel, & Craig P. Dalgren
260 _aUSA :
_bIsland Press,
_c2004.
300 _a383 p. :
_c26 cm.
650 _aMarine Parks and reserves
700 _aDalgren, Craig P.
942 _2ddc
_cBK